Statistics for Movies by Letter - G

Click here to take the quiz!

General Stats

  • This quiz has been taken 28 times
  • The average score is 10 of 25

Answer Stats

HintAnswer% Correct
Don't eat Soylet's product if it's this colorgreen
92%
He stole ChristmasThe Grinch
88%
Francis Ford Coppola's organized crime franchiseThe Godfather
80%
F. Scott Fitzgerald book filmed twiceThe Great Gatsby
76%
The BFG's Ggiant
68%
The Muppets' weirdest weirdoGonzo the Great
56%
Ron, Hermione, and Harry's houseGryffindor
56%
Intergalactic Marvel superhero teamThe Guardians of the Galaxy
56%
An on-set electriciangaffer
48%
Swedish star of Flesh and the Devil, Anna Christie, and Grand HotelGreta Garbo
48%
Batman's in with the Gotham police forceJames Gordon
48%
Tree-like member of the above-mentioned teamGroot
44%
Australian World War I film starring Mel GibsonGallipoli
36%
Andy Serkis's first big motion capture roleGolem
36%
The director of The Birth of a Nation, Intolerance, and Broken BlossomsD. W. Griffith
32%
John Ford adaptation of the Okies' odysseyThe Grapes of Wrath
32%
First and most famous of the Japanese kaijuGodzilla
28%
1980 South African comedy about a celestial Coca-Cola bottleThe Gods Must Be Crazy
28%
Mumblecore actress turned Oscar-nominated directorGreta Gerwig
24%
Directed at least the first two films about the aboveJames Gunn
24%
Breathless French New Wave directorJean-Luc Godard
20%
Composed music for Kundun, The Hours, and The Thin Blue LinePhilip Glass
12%
The star of The Birth of a Nation, Intolerance, and Broken BlossomsLillian Gish
8%
The first animated film star, created by Winsor McCayGertie the Dinosaur
4%
The father of British, Canadian, and Australian documentaryJohn Grierson
4%

Score Distribution

Percentile by Number Answered

Percent of People with Each Score

Your Score History

You have not taken this quiz